Caudoventral hip luxation in a miniature pig (Registro n. 329713)
[ somente texto ]
| 000 -LÍDER | |
|---|---|
| fixed length control field | 03126nab a2200325 i 4500 |
| 003 - CÓDIGO MARC DA AGÊNCIA CATALOGADORA | |
| Campo de controle | BR-BrBNA |
| 005 - DATA E HORA DA ÚLTIMA ATUALIZAÇÃO | |
| Campo de controle | 20250128161310.0 |
| 008 - CAMPO DE TAMANHO FIXO | |
| fixed length control field | 250128b2017 bl.mr|pooa||| 00| 0 eng | |
| 040 ## - FONTE DA CATALOGAÇÃO | |
| Agência catalogadora | BR-BrBNA |
| Idioma da catalogação | eng |
| 072 ## - CATEGORIA AGRIS | |
| Código AGRIS | L70 |
| Código do objeto | 5300 |
| 072 ## - CATEGORIA AGRIS | |
| Código AGRIS | L74 |
| 100 ## - ENTRADA PRINCIPAL - NOME PESSOAL | |
| Nome pessoal | Braga, Carolina Silveira |
| 100 ## - ENTRADA PRINCIPAL - NOME PESSOAL | |
| Nome pessoal | Barni, Brunna de Souza |
| 100 ## - ENTRADA PRINCIPAL - NOME PESSOAL | |
| Nome pessoal | Muccillo, Marcele de Souza |
| 100 ## - ENTRADA PRINCIPAL - NOME PESSOAL | |
| Nome pessoal | Contesini, Emerson Antonio |
| 100 ## - ENTRADA PRINCIPAL - NOME PESSOAL | |
| Nome pessoal | Alievi, Marcelo Meller |
| 245 ## - TÍTULO PRINCIPAL | |
| Título principal | Caudoventral hip luxation in a miniature pig |
| 500 ## - NOTA GERAL | |
| Nota geral | Publicação on-line; 10 ref.; Sumaries (En, Pt) |
| 942 ## - ADDED ENTRY ELEMENTS (KOHA) | |
| Koha item type | Analítica |
| 520 ## - NOTA DE RESUMO | |
| Nota de conteúdo | <br/><br/>ABSTRACT - A miniature pig was examined because of left pelvic limb lameness after falling from a short height. Clinical examination and radiographs of the pelvic region revealed a left caudoventral hip luxation. Surgical reduction of luxation was performed on the patient under general anesthesia using a transarticular pinning technique. Postoperative radiographs confirmed that the luxation was reduced, the joint was aligned, and the transarticular pinning was correct. The transarticular pin was removed 21 days after it was surgically inserted. The limb was fully functional in the immediate postoperative period. Nine months after the surgery, the patient could use the limb properly, but mild degenerative joint disease was observed via radiographic follow-up. This technique may be a viable treatment option for the repair of caudoventral hip luxation in miniature pigs.<br/><br/>Key words: Sus scrofa domestica, coxofemoral luxation, transarticular pin. |
| 520 ## - NOTA DE RESUMO | |
| Nota de conteúdo | <br/><br/>RESUMO - Um mini-pig foi atendido devido à claudicação do membro pélvico esquerdo após pequena queda. O exame clínico e radiografias da região pélvica revelaram uma luxação caudoventral de quadril no lado esquerdo. A redução cirúrgica da luxação foi realizada, com o paciente sob anestesia geral, usando um pino transarticular. As radiografias pós-operatórias confirmaram que a luxação foi reduzida, com alinhamento e fixação transarticular corretos. O pino transarticular foi removido cirurgicamente 21 dias após de ter sido inserido. O membro se tornou totalmente funcional já no período pós-operatório imediato. Nove meses após a cirurgia, o paciente utilizava o membro corretamente, porém foi detectada doença articular degenerativa leve através de acompanhamento radiográfico. A técnica empregada foi uma opção viável de tratamento para a reparação da luxação caudoventral de quadril em mini-pig.<br/><br/>Palavras-chave: Sus scrofa domestica, luxação coxofemoral, pino transarticular. |
| 650 ## - ASSUNTO - THESAGRO | |
| Cabeçalho tópico ou nome geográfico | PORCO |
| 650 ## - ASSUNTO - THESAGRO | |
| Cabeçalho tópico ou nome geográfico | LUXAÇÃO |
| 650 ## - ASSUNTO - THESAGRO | |
| Cabeçalho tópico ou nome geográfico | CLAUDICAÇÃO |
| 650 ## - ASSUNTO - THESAGRO | |
| Cabeçalho tópico ou nome geográfico | VETERINÁRIA |
| 650 ## - ASSUNTO - THESAGRO | |
| Cabeçalho tópico ou nome geográfico | DISTÚRBIO FISIOLÓGICO |
| 773 0# - ENTRADA ANALÍTICA | |
| Host Biblionumber | 2408 |
| Registro do item | 346533 |
| Imprenta | Santa Maria-RS Universidade Federal de Santa Maria - Centro de Ciências Rurais 1991 |
| Outro identificador | 2024-7204 |
| Título | Ciência Rural (Brazil) |
| ISSN | 0103-8478 Versão online ISSN 1678-4596 |
| Colação | v. 47(7) p. 1-4 ; (2017) |
| Número de controle de registro | BR2024004267 |
| 856 ## - ACESSO E ENDEREÇO ELETRÔNICO | |
| Identificador uniforme de recurso - URI | https://www.scielo.br/j/cr/a/Jm5r5FZTJsm9mGY8Lp64tKS/?format=pdf&lang=en |
Nenhum exemplar disponível.

BINAGRI